[Event "Olympiad Women 2024"]
[Site "Budapest HUN"]
[Date "2024.09.19"]
[Round "8.57"]
[Board "2"]
[White "Felix, Tobi"]
[Black "Kang, Sohyun"]
[Result "0-1"]
[WhiteElo "1677"]
[BlackElo "1726"]
[PlyCount "98"]
[EventDate "2024.09.11"]
[WhiteTeam "Ghana"]
[BlackTeam "South Korea"]
[WhiteTeamCountry "GHA"]

1. d4 d5 2. Bf4 e6 3. e3 Bd6 4. Bxd6 Qxd6 5. c3 Nf6 6. Nf3 Nbd7 7. Nbd2 O-O 8. Be2 c5 9. O-O e5 10. dxe5 Nxe5 11. Nxe5 Qxe5 12. Nf3 Qe7 13. Qc2 b6 14. Rfd1 $146 ({RR} 14. Rad1 Bb7 15. c4 dxc4 16. Qxc4 Rfd8 17. Rxd8+ Rxd8 18. Rd1 Rxd1+ 19. Bxd1 Qd6 20. Bb3 {½-½ Lauer,B (1814)-Rack,M (2084) Bad Zwesten op 6th 2002 (8)}) 14... Bb7 15. Qf5 a6 16. Bd3 Bc8 17. Qg5 Re8 18. c4 h6 19. Qh4 dxc4 20. Bxc4 Bb7 21. Qf4 b5 22. Be2 Nd5 23. Qg3 Nxe3 24. fxe3 Qxe3+ 25. Qf2 Qxe2 26. Rd2 Qxf2+ 27. Kxf2 Rad8 28. Rad1 Rxd2+ 29. Rxd2 Bxf3 30. Kxf3 Re6 31. Rd5 Rc6 32. Ke4 Kf8 33. Re5 f6 34. Rd5 Ke7 35. Kf5 c4 36. Kg6 b4 37. Kxg7 c3 38. bxc3 bxc3 39. Rd1 c2 40. Rc1 f5 41. h3 f4 42. h4 h5 43. a3 a5 44. a4 Ke8 45. Re1+ Kd7 46. Rc1 Ke7 47. Kh8 Kf6 48. Kg8 Rc7 49. Kh8 Ke5 0-1

[Event "Olympiad Women 2024"]
[Site "Budapest HUN"]
[Date "2024.09.19"]
[Round "8.57"]
[Board "3"]
[White "Cho, Yeonhee"]
[Black "Dotse Dzidzor Esi"]
[Result "1-0"]
[WhiteElo "1696"]
[BlackElo "1530"]
[PlyCount "71"]
[EventDate "2024.09.11"]
[WhiteTeam "South Korea"]
[BlackTeam "Ghana"]
[BlackTeamCountry "GHA"]

1. e4 c6 2. d4 d5 3. exd5 cxd5 4. Bd3 Nc6 5. c3 Nf6 6. Bf4 Qb6 7. b4 ({RR} 7. Qb3 Qd8 8. Nf3 g6 9. h3 Bg7 10. O-O O-O 11. Nbd2 b6 12. Rfe1 Bb7 13. a4 Qc8 14. Ne5 Nh5 15. Bh2 Nxe5 16. Bxe5 Bxe5 17. Rxe5 Qc7 18. a5 Nf4 19. Bf1 f6 20. Re3 e5 21. a6 Bc6 {1-0 Gochelashvili,D (2443)-Kozlitin,R (2378) Izhevsk op-A 2010 (5)}) 7... a5 $146 ({RR} 7... Bg4 8. Nf3 e6 9. Nbd2 Be7 10. O-O O-O 11. a4 Rac8 12. Qb3 Bxf3 13. Nxf3 Na5 14. Qa2 Nc4 15. Nd2 Nxd2 16. Qxd2 Bd6 17. Bg5 Ne4 18. Bxe4 dxe4 19. Rac1 Rc4 20. f3 Qc6 21. fxe4 Qxe4 22. Rce1 {0-1 Maciejewski,A-Filipowicz,A Rubinstein Memorial-11 1973 (11)}) ({RR} 7... Bd7 8. Ne2 g6 9. O-O a6 10. a4 Bg7 11. a5 Qd8 12. Nd2 O-O 13. Nb3 Nh5 14. Nc5 Nxf4 15. Nxf4 Bc8 16. Qb3 e6 17. Na4 Qd6 18. Nb6 Rb8 19. Ne2 Rd8 20. f4 Ne7 21. Nc1 Nf5 22. Bxf5 {½-½ Golecki,J (1609)-Kaminski,L (1372) Mazowiec-chT op 2013 (3.10)}) 8. b5 Nxd4 9. Be3 e5 10. cxd4 Bb4+ 11. Nd2 exd4 12. Bf4 O-O 13. Ne2 Ne4 14. O-O Nc3 15. Qc2 Bf5 16. Nxc3 Bxd3 17. Qxd3 dxc3 18. Nf3 Rad8 19. a3 Be7 20. Qxc3 Bf6 21. Be5 Bxe5 22. Nxe5 Qxb5 23. Rab1 Qa6 24. Rfd1 Rfe8 25. Qc7 Qe6 26. f4 Qf5 27. Rxb7 Rc8 28. Qxf7+ Qxf7 29. Nxf7 Re2 30. Ne5 Rd8 31. Rb5 d4 32. Rxa5 d3 33. Rxd3 Re1+ 34. Kf2 Rd1 35. Rxd1 Rxd1 36. Ra8+ 1-0

[Event "Olympiad Women 2024"]
[Site "Budapest HUN"]
[Date "2024.09.19"]
[Round "8.57"]
[Board "4"]
[White "Hephzibah Awura-Ama Manubea Tandoh"]
[Black "Kim, Sarang"]
[Result "0-1"]
[WhiteElo "1516"]
[BlackElo "1732"]
[PlyCount "58"]
[EventDate "2024.09.11"]
[WhiteTeam "Ghana"]
[BlackTeam "South Korea"]
[WhiteTeamCountry "GHA"]

1. d4 d5 2. e3 c6 3. Nf3 e6 4. Be2 f5 5. O-O Nf6 6. Nbd2 Bd6 7. b3 O-O 8. Bb2 Nbd7 9. c4 a6 $146 ({RR} 9... Ne4 10. a3 Rf6 11. b4 Rh6 12. b5 Nxd2 13. Qxd2 Bxh2+ 14. Nxh2 Qh4 15. f3 Qxh2+ 16. Kf2 Qh4+ 17. Kg1 Qh2+ 18. Kf2 Rg6 19. Rg1 Nf6 20. bxc6 bxc6 21. Qa5 Bd7 22. Bc3 Nh5 23. cxd5 exd5 24. Bd3 {½-½ Kruck,M-Bravo Lutz,S DLM U20 Templin 1997}) ({RR} 9... Ne4 10. Ne5 Qc7 11. Ndf3 g5 12. Nxd7 Bxd7 13. Ne5 Rae8 14. Rc1 b6 15. g3 Re7 16. cxd5 exd5 17. Nxc6 Bxc6 18. Bb5 Bxb5 19. Rxc7 Rxc7 20. f3 Bxf1 21. Kxf1 Nf6 22. Qd3 Ne8 23. Qb5 Rc2 24. Qxd5+ {0-1 Jevtushenko,V (1928)-Paley,A (2114) Nizhnij Novgorod-ch 2010}) 10. Rc1 Ne4 11. Nxe4 fxe4 12. Ne5 Qg5 13. Nxd7 Bxd7 14. g3 Bc7 15. Bg4 Rf6 16. cxd5 h5 17. dxc6 bxc6 18. Bxh5 Rh6 19. Rc5 e5 20. Be2 Rh3 21. Kg2 Bd6 22. Ra5 Qh6 23. Rh1 Rf8 24. dxe5 Rxh2+ 25. Rxh2 Rxf2+ 26. Kxf2 Qxh2+ 27. Ke1 Bb4+ 28. Qd2 Qg1+ 29. Bf1 Qxe3+ 0-1

[Event "Olympiad Women 2024"]
[Site "Budapest HUN"]
[Date "2024.09.19"]
[Round "8.58"]
[Board "1"]
[White "Ravelomanana, Sabine"]
[Black "Georgina Sackie"]
[Result "0-1"]
[WhiteElo "1926"]
[BlackElo "1688"]
[PlyCount "56"]
[EventDate "2024.09.11"]
[WhiteTeam "Madagascar"]
[BlackTeam "Liberia"]
[WhiteTeamCountry "MAD"]
[BlackTeamCountry "LBR"]

1. e4 c6 2. Nc3 d5 3. Nf3 dxe4 4. Nxe4 Bf5 5. Ng3 Bg6 6. h4 h6 7. Ne5 Bh7 8. Qh5 g6 9. Qf3 Nf6 10. Qb3 Qc7 ({RR} 10... Qd5 11. Qxb7 Qxe5+ 12. Be2 Bg7 13. Qxa8 Qc7 14. Ba6 Qb6 15. Qb7 Qd8 16. Be2 O-O 17. c3 Nd5 18. d4 e5 19. dxe5 Nd7 20. Qxc6 Nxe5 21. Qa4 Re8 22. O-O g5 23. hxg5 hxg5 24. Rd1 Re6 25. c4 {1-0 Iskandarov,M (2535)-Pultinevicius,P (2501) Titled Arena Mar 6th blitz 2021}) ({RR} 10... Qd5 11. Qxb7 Qxe5+ 12. Be2 Qd6 13. Qxa8 Qc7 14. Ba6 Qb6 15. Qb7 Nxa6 16. Qc8+ Qd8 17. Qxc6+ Qd7 18. Qxa6 e6 19. Qe2 Be7 20. d3 h5 21. Bg5 Qb7 22. O-O-O Qxg2 23. Qe5 Rf8 24. Bxf6 Qxf2 25. Qb8+ {1-0 Morioka,F (1612)-Dos Santos,D (1353) 10th Floripa Open 2024 (10.160)}) 11. Qxf7+ Kd8 12. Nxg6 Nbd7 $146 ({RR} 12... Bxg6 13. Qxg6 Nbd7 14. d4 Qd6 15. c3 Qe6+ 16. Be2 Rg8 17. Qf5 Qf7 18. Bf4 Bg7 19. b3 Rf8 20. Qa5+ Nb6 21. f3 Qg6 22. Qf5 Qf7 23. c4 e6 24. Qa5 Kd7 25. c5 Nbd5 26. Bd6 Rg8 27. Ne4 {1-0 Ahn,M (1513)-Jorritsma,E EU Union-ch U12 19th 2022 (3)}) ({RR} 12... Bxg6 13. Qxg6 Qe5+ 14. Be2 Rg8 15. Qd3+ Nbd7 16. Qf3 e6 17. Qe3 Qd6 18. d4 Bg7 19. c3 Nd5 20. Qd3 Ne7 21. Be3 Nf6 22. Ne4 Nxe4 23. Qxe4 Kd7 24. Bf4 Qd5 25. Qxd5+ Nxd5 26. Bg3 Bf6 27. O-O-O {½-½ Zhuk,A-Kolchenko RUS-ch U14 Girls 1996 (6)}) 13. Nxf8 Rxf8 14. Qb3 Ng4 15. Ne2 Nxf2 16. Rg1 Nc5 17. Qc3 Bxc2 18. Qd4+ Kc8 19. Nc3 Nfd3+ 20. Bxd3 Nxd3+ 21. Ke2 Rf2+ 22. Qxf2 Nxf2 23. Kxf2 Qf4+ 24. Ke2 Qe5+ 25. Kf3 Kc7 26. g3 Rf8+ 27. Kg2 Be4+ 28. Nxe4 Qxe4+ 0-1

[Event "Olympiad Women 2024"]
[Site "Budapest HUN"]
[Date "2024.09.19"]
[Round "8.58"]
[Board "2"]
[White "Meleh M. Davis"]
[Black "Raharimanana, Faratiana"]
[Result "0-1"]
[WhiteElo "1602"]
[BlackElo "1815"]
[PlyCount "120"]
[EventDate "2024.09.11"]
[WhiteTeam "Liberia"]
[BlackTeam "Madagascar"]
[WhiteTeamCountry "LBR"]
[BlackTeamCountry "MAD"]

1. d4 d5 2. c4 e6 3. Nc3 Nf6 4. cxd5 exd5 5. Bg5 c6 6. e3 Be7 7. Bd3 O-O 8. Qc2 h6 9. Bh4 Nbd7 10. Nf3 Re8 11. O-O Nf8 12. Rab1 Be6 13. b4 ({RR} 13. Rfc1 N6d7 14. Bg3 b5 15. a4 a6 16. Ne2 Rc8 17. axb5 axb5 18. Ra1 Qb6 19. Qb3 Ra8 20. Nf4 Bg4 21. Bf1 Ne6 22. Nd3 Bxf3 23. gxf3 b4 24. Ra4 c5 25. Rxa8 Rxa8 26. Qxd5 Rd8 27. dxc5 Ndxc5 {½-½ Skjoldebrand,M (1884)-Liagre,N (1698) Reykjavik Open 2024 (3.133)}) 13... a6 14. a4 ({RR} 14. Na4 N6d7 15. Bxe7 Qxe7 16. Nc5 Nxc5 17. bxc5 Rad8 18. Rb3 Bc8 19. Rfb1 Qf6 20. Ne5 Re7 21. Rb6 Rc7 22. R6b3 Re8 23. R1b2 Ree7 24. h3 Re8 25. Qb1 Ree7 26. a3 g6 27. Qd1 Kg7 28. Bf1 Nh7 {1-0 Krizsany,L (2464)-Bazant,P (2329) SVK-chT 0001 2000 (3)}) 14... N6d7 15. Bxe7 $146 ({RR} 15. Bg3 Bg4 16. Nd2 Ne6 17. b5 axb5 18. axb5 c5 19. Nxd5 cxd4 20. exd4 Rc8 21. Qb2 Nf6 22. Nxe7+ Rxe7 23. f3 Bh5 24. Bf2 Nf4 25. Be4 Nxe4 26. Nxe4 Bg6 27. Qd2 Bxe4 28. fxe4 Rxe4 29. Rfe1 Qd5 {0-1 Silva Nazzari,H-Suarez URU-ch sf2 Uruguay 1961}) ({RR} 15. Bg3 Nb6 16. b5 axb5 17. axb5 c5 18. dxc5 Bxc5 19. Nd4 Rc8 20. Qb2 Bxd4 21. exd4 Nc4 22. Bxc4 Rxc4 23. b6 Bf5 24. Ra1 Qd7 25. Ra5 Rxd4 26. Nb5 Rd3 27. Nd6 Rxg3 28. Nxe8 Rg6 29. Re1 Be4 {0-1 Farkas,G (1974)-Havanecz,B (1963) HUN-chT U18 Miskolc 2010 (4.3)}) ({RR} 15. Bg3 g6 16. Rfc1 f5 17. b5 axb5 18. axb5 Nf6 19. bxc6 bxc6 20. Na4 Bd7 21. Ne5 Qa5 22. Nc5 Bxc5 23. Qxc5 Qxc5 24. Rxc5 Ne6 25. Nxd7 Nxd7 26. Rxc6 Kf7 27. h4 Rec8 28. Rxc8 Rxc8 29. Rb7 Ke7 {1-0 Politov,P (2190)-Piliczewski,B (1935) Titled Tuesday intern op 17th Aug blitz 2021 (7)}) 15... Qxe7 16. b5 axb5 17. axb5 c5 18. dxc5 Nxc5 19. Bf5 Rec8 20. Bxe6 fxe6 21. Qd2 Ra3 22. Rfc1 Nb3 23. Nxd5 Rxc1+ 24. Rxc1 exd5 25. Qxd5+ Qf7 26. Qxf7+ Kxf7 27. Rc7+ Kf6 28. g3 Na5 29. Nd4 g6 30. Kg2 Ne6 31. Nxe6 Kxe6 32. Rh7 h5 33. Kf3 Rb3 34. Rh6 Kf6 35. Rh8 Rxb5 36. h4 Nc4 37. Ke4 Nd6+ 38. Kd4 Nf5+ 39. Ke4 Rb2 40. Kf3 b5 41. Rb8 b4 42. g4 hxg4+ 43. Kxg4 Rxf2 44. Rxb4 Nxe3+ 45. Kg3 Rf5 46. Rb6+ Kg7 47. Rb7+ Kh6 48. Rb8 Nd5 49. Kg4 Nf6+ 50. Kg3 Nh5+ 51. Kg4 Rf4+ 52. Kh3 Rf3+ 53. Kg2 Rd3 54. Rb4 Ng7 55. Kf2 Nf5 56. Rg4 Rd4 57. Kf3 Nxh4+ 58. Kg3 Rxg4+ 59. Kxg4 Nf5 60. Kf4 Kh5 0-1

[Event "Olympiad Women 2024"]
[Site "Budapest HUN"]
[Date "2024.09.19"]
[Round "8.58"]
[Board "3"]
[White "Randriatsiferana, Dimbiharentsoa Christiana"]
[Black "Abigail Karyah"]
[Result "1-0"]
[WhiteElo "1736"]
[BlackElo "1790"]
[PlyCount "145"]
[EventDate "2024.09.11"]
[WhiteTeam "Madagascar"]
[BlackTeam "Liberia"]
[WhiteTeamCountry "MAD"]
[BlackTeamCountry "LBR"]

1. e4 c6 2. Nc3 d5 3. Nf3 Bg4 4. h3 Bh5 5. g4 Bg6 6. d4 Bxe4 7. Nxe4 dxe4 8. Ng5 Nf6 9. Bg2 $146 ({RR} 9. Bc4 e6 10. f3 exf3 11. Nxf3 Bd6 12. Bg5 Bg3+ 13. Kf1 h6 14. Bxf6 Qxf6 15. h4 Nd7 16. g5 hxg5 17. h5 Nb6 18. Rh3 Nxc4 19. Rxg3 Ne3+ 20. Kg1 Nxd1 21. Rxd1 Rxh5 22. Nxg5 Rxg5 23. Rxg5 Qxg5+ {0-1 Larivee,N (799)-Zhou,J (1563) CAN-ch U16 Sault Ste Marie 2017 (1.23)}) 9... Qd5 10. O-O e6 11. Re1 Nbd7 12. Nxe4 Nxe4 13. Rxe4 Qd6 14. Bf4 Qe7 15. c4 g5 16. Bg3 Nf6 17. Re5 Qd7 18. d5 cxd5 19. cxd5 Bd6 20. dxe6 fxe6 21. Rxg5 Bxg3 22. Qxd7+ Nxd7 23. fxg3 O-O-O 24. Ra5 a6 25. Re1 Rde8 26. Ra3 Re7 27. Rb3 Nf6 28. Rf1 Ne8 29. Re3 Nd6 30. Rd1 Nf7 31. Bd5 Rhe8 32. Rde1 Nd8 33. Bb3 Kc7 34. g5 e5 35. Re4 Nc6 36. Kg2 Nd4 37. Bd1 Kd6 38. Rh4 Rg8 39. Rh6+ Kd5 40. h4 Rf8 41. Bh5 Rc8 42. Bd1 Rf8 43. Rf6 Rg8 44. g4 Rgg7 45. Bb3+ Nxb3 46. axb3 Rc7 47. Re2 Rc1 48. Rf5 Re7 49. h5 Rc6 50. Kf3 Rb6 51. Re3 Kd4 52. Rf6 Rb5 53. Rf8 Rd5 54. Rc8 e4+ 55. Rxe4+ Rxe4 56. Rc4+ Kd3 57. Rxe4 Rxg5 58. Rc4 Rg7 59. Kf4 h6 60. Rc5 Kd4 61. Rf5 Kd3 62. Rf6 Rh7 63. Kf5 Rh8 64. Rb6 Kc2 65. Rxb7 Kxb2 66. Ra7 Kxb3 67. Rxa6 Kc4 68. g5 hxg5 69. Kxg5 Kd5 70. h6 Ke5 71. Ra7 Ke6 72. Kg6 Rg8+ 73. Rg7 1-0

[Event "Olympiad Women 2024"]
[Site "Budapest HUN"]
[Date "2024.09.19"]
[Round "8.58"]
[Board "4"]
[White "Princess K. Banney"]
[Black "Tsinjoviniavo, Aina Mahasambatra"]
[Result "0-1"]
[WhiteElo "1447"]
[BlackElo "1662"]
[PlyCount "66"]
[EventDate "2024.09.11"]
[WhiteTeam "Liberia"]
[BlackTeam "Madagascar"]
[WhiteTeamCountry "LBR"]
[BlackTeamCountry "MAD"]

1. d4 d5 2. c4 e6 3. Nc3 Nf6 4. cxd5 exd5 5. Bg5 Be7 6. e3 O-O 7. Bd3 h6 8. Bxf6 Bxf6 9. Qc2 ({RR} 9. b4 c6 10. Nge2 a6 11. a4 b6 12. O-O g6 13. Qb3 Bb7 14. a5 b5 15. e4 dxe4 16. Nxe4 Bc8 17. Nc5 Kg7 18. Be4 Bg4 19. Nf4 Bxd4 20. Qg3 Bxc5 21. bxc5 Qc8 22. h3 g5 23. hxg4 gxf4 {1-0 Van Wely,L (2605)-Hedke,F (2380) Bundesliga 9697 1996 [7]}) ({RR} 9. Qh5 g6 10. Qxd5 c6 11. Qxd8 Rxd8 12. Nge2 Be6 13. O-O Bg7 14. Be4 f5 15. Nf4 Bf7 16. Bf3 g5 17. Nh5 Bh8 18. Ng3 Bg6 19. d5 Rc8 20. h3 Bg7 21. Rac1 Na6 22. dxc6 Nc7 23. Nd5 Kf7 {1-0 Banker Reya (1421)-Falak Joni Naik (1653) 40th World Junior Girls 2024 (7.48)}) 9... Nc6 10. a3 Re8 $146 ({RR} 10... Ne7 11. Nge2 b6 12. Nf4 Bb7 13. b4 Rc8 14. Nh5 Nc6 15. Nxf6+ Qxf6 16. Nxd5 Qg5 17. Nc3 Qxg2 18. O-O-O Ne7 19. Be4 Bxe4 20. Nxe4 Ng6 21. Rdg1 Qf3 22. h4 Rfe8 23. h5 Qxe4 24. hxg6 Qxc2+ 25. Kxc2 {1-0 Alvarez Abejon,A (2119)-Collado Barbas,A Madrid op 2005 (2)}) 11. Nge2 Bg5 12. O-O Bg4 13. b4 Qd7 14. Rac1 Ne7 15. Ng3 Bh4 16. Nce2 c6 17. a4 a6 18. Rb1 Rec8 19. Qd2 b6 20. Rfc1 c5 21. bxc5 bxc5 22. dxc5 Qxa4 23. Ra1 Qc6 24. Nd4 Qf6 25. Nf1 Nc6 26. Qb2 Rcb8 27. Qd2 Nb4 28. g3 Nxd3 29. Qxd3 Bh3 30. gxh4 Rb2 31. Nc2 Qf3 32. Ne1 Qxf2+ 33. Kh1 Bg2+ 0-1

[Event "Olympiad Women 2024"]
[Site "Budapest HUN"]
[Date "2024.09.19"]
[Round "8.59"]
[Board "1"]
[White "Jop A., Laura Elizabeth"]
[Black "Jacobs, Annelaine"]
[Result "0-1"]
[WhiteElo "1686"]
[BlackElo "1763"]
[PlyCount "84"]
[EventDate "2024.09.11"]
[WhiteTeam "Guatemala"]
[BlackTeam "Aruba"]
[WhiteTeamCountry "GUA"]
[BlackTeamCountry "ARN"]

1. c4 {Hecht,Hans Joachim} Nf6 2. d4 g6 3. Nc3 Bg7 4. e4 d6 5. f4 O-O 6. Nf3 c6 7. e5 Ne8 ({RR} 7... Nfd7 8. Be2 dxe5 9. dxe5 f6 10. exf6 Nxf6 11. Qxd8 Rxd8 12. Be3 Na6 13. Rc1 Bf5 14. a3 Ne4 15. Nxe4 Bxe4 16. Ng5 Bf5 17. g4 Bd7 18. Rc2 Nc7 19. h3 Ne6 20. Nxe6 Bxe6 21. Kf2 Bf7 22. Rd1 {1-0 Cherniaev,A (2465)-Xie,J (2485) Hoogovens-B Wijk aan Zee 1998 (2)}) 8. Bd3 ({RR} 8. Be3 a5 9. Be2 Na6 10. O-O f5 11. Qd2 h6 12. Rac1 d5 13. a3 e6 {1-0 Ratushnyi,V (1959)-Trice,M (1887) 6th Bamberg Open 2024 (1.56)}) 8... Qc7 $146 ({RR} 8... Nd7 9. O-O c5 10. Ng5 cxd4 11. e6 dxc3 12. exd7 Bxd7 13. bxc3 Bxc3 14. Rb1 Bc6 15. f5 Nf6 16. fxg6 hxg6 17. Bxg6 Qa5 18. Rxf6 Qc5+ 19. Kh1 Qe5 20. Rf5 Qg7 21. Bh5 f6 22. Bf3 Bd7 23. Bd5+ {1-0 Sanchez,A-Ubaldo Suarez,M (2142) VEN-ch (Women) 1999 (9)}) ({RR} 8... Na6 9. O-O Nac7 10. h3 Bd7 11. Qe2 Qc8 12. Nh4 f5 13. d5 e6 14. exd6 Nxd6 15. dxc6 Bxc6 16. Bd2 Re8 17. Nf3 Nf7 18. Qf2 Qd8 19. Bc2 e5 {½-½ Kharkova,E (2190)-Nemcova,V (2045) Prague Bohemians (Women) 1989}) ({RR} 8... a6 9. O-O b5 10. cxb5 axb5 11. Be3 Nc7 12. a3 Nd7 13. Be4 d5 14. Bc2 Nb6 15. b3 Bg4 16. f5 gxf5 17. h3 Bxf3 18. Qxf3 e6 19. Qg3 Kh8 20. Bg5 Qe8 21. Qh4 Rg8 22. Rxf5 Bf8 23. Bf6+ {1-0 Tsyhanchuk,S (2273)-Alexikov,A (2209) Titled Tue 15th Aug Late 2023 (2)}) 9. O-O e6 10. Be3 f6 11. exd6 Nxd6 12. d5 exd5 13. cxd5 Kh8 14. Rc1 Qf7 15. dxc6 Nxc6 16. Bxg6 hxg6 17. Qxd6 Rd8 18. Qc5 Be6 19. b3 Rac8 20. Qb5 a6 21. Qe2 Bf8 22. Qf2 Ba3 23. Rcd1 Kg7 24. Ne2 Ne7 25. Rxd8 Rxd8 26. Ned4 Nd5 27. Bd2 Bg4 28. Re1 Re8 29. Rxe8 Qxe8 30. h3 Bd7 31. Kh2 Bd6 32. g3 Qc8 33. Qg2 Nb4 34. a4 Nc2 35. Nxc2 Qxc2 36. Nd4 Qd3 37. Qf2 Bc5 38. Be3 Bxd4 39. Bxd4 Qxb3 40. a5 Bc6 41. Qe2 Qd5 42. Qe7+ Kg8 0-1

[Event "Olympiad Women 2024"]
[Site "Budapest HUN"]
[Date "2024.09.19"]
[Round "8.59"]
[Board "2"]
[White "Moreno Mora, Milaydes Lourdes"]
[Black "Lopez L., Dairyn D."]
[Result "1/2-1/2"]
[WhiteElo "1694"]
[BlackElo "1740"]
[PlyCount "86"]
[EventDate "2024.09.11"]
[WhiteTeam "Aruba"]
[BlackTeam "Guatemala"]
[WhiteTeamCountry "ARN"]
[BlackTeamCountry "GUA"]

1. e4 g6 2. d4 d6 3. Nc3 Bg7 4. h4 h5 5. Be3 a6 6. Nh3 ({RR} 6. f3 b5 7. Nh3 Bxh3 8. Rxh3 Nd7 9. Qe2 Nb6 10. O-O-O Rb8 11. Kb1 Nc4 12. Bc1 c6 13. Qe1 Nb6 14. e5 d5 15. e6 f5 16. Rg3 b4 17. Ne2 Nc4 18. Rxg6 Na3+ 19. bxa3 bxa3+ 20. Ka1 Qb6 {1-0 Lagno,K (2542)-Dronavalli,H (2509) Women's Speed Chess 2023 (2.19)}) 6... Nh6 $146 ({RR} 6... Bxh3 7. Rxh3 Nf6 8. f3 Nbd7 9. Qd2 c6 10. Be2 b5 11. Nd1 Nb6 12. c3 Qc7 13. Nf2 c5 14. d5 Nfd7 15. Rc1 Ne5 16. b3 Ned7 17. f4 O-O-O 18. Qc2 c4 19. Bd4 cxb3 20. axb3 Bxd4 21. cxd4 {0-1 Ellenberg,E (2057)-Daeubler,H (2165) GER-chT Seniors 26th 2017 (4.2)}) ({RR} 6... Bxh3 7. Rxh3 Nc6 8. Be2 Nf6 9. f3 b5 10. Qd2 e5 11. d5 Nd4 12. Bxd4 exd4 13. Qxd4 O-O 14. Qd2 Kh7 15. O-O-O Bh6 16. f4 b4 17. Nb1 Nxe4 18. Qe3 Re8 19. Qf3 Qf6 20. Bd3 Qxf4+ 21. Qxf4 {0-1 Perossa,N (2266)-Starozhilov,L (2285) Titled Tue 5th Mar Early 2024 (4)}) ({RR} 6... Nf6 7. f3 b5 8. Ng5 Nbd7 9. e5 dxe5 10. dxe5 Nxe5 11. Qxd8+ Kxd8 12. Bd4 Nfd7 13. f4 c5 14. Bxe5 Nxe5 15. fxe5 Ke8 16. e6 f6 17. Nge4 Bxe6 18. Nxc5 Bf5 19. Nxa6 {1-0 Horvath,A (2503)-Pflug,M (2236) AUT-chT2M 0304 2003 (2.1)}) ({RR} 6... b5 7. Ng5 e6 8. Qd2 Bb7 9. O-O-O Nd7 10. f3 Nb6 11. Bd3 Qd7 12. Kb1 b4 13. Ne2 a5 14. g4 Nf6 15. Rdg1 Qc6 16. Nf4 e5 17. dxe5 dxe5 18. Ne2 Nc4 19. Qc1 a4 20. Ng3 hxg4 21. f4 {0-1 Liang,A (2592)-Cardoso Cardoso,J (2414) Junior Speed Qual Americas blitz 2021 (1.6)}) 7. f3 b5 8. Qd2 Nd7 9. Ng5 Nb6 10. a3 Bb7 11. Bd3 d5 12. exd5 Nxd5 13. Nxd5 Bxd5 14. Be4 Bxe4 15. Nxe4 Nf5 16. c3 Qd5 17. Bf4 c6 18. Qf2 f6 19. Rd1 Kf7 20. O-O Rag8 21. Rfe1 Bf8 22. Nc5 Rh7 23. Re6 Bh6 24. Bxh6 Rxh6 25. Qd2 Rhh8 26. Rde1 Re8 27. Qf4 Rhg8 28. Nxa6 Ng7 29. R6e2 Nf5 30. Nc7 Qd7 31. Nxe8 Rxe8 32. g3 Qd5 33. Kf2 c5 34. Qe4 Qd8 35. dxc5 Qc7 36. b4 Qxg3+ 37. Kf1 Qh3+ 38. Kg1 Nxh4 39. Rf1 Qg3+ 40. Kh1 Qh3+ 41. Kg1 Qg3+ 42. Kh1 Qh3+ 43. Kg1 Qg3+ 1/2-1/2

[Event "Olympiad Women 2024"]
[Site "Budapest HUN"]
[Date "2024.09.19"]
[Round "8.59"]
[Board "3"]
[White "Santiago Sontay, Jenny Fernanda"]
[Black "Aponte, Samantha"]
[Result "1-0"]
[WhiteElo "1773"]
[BlackElo "1454"]
[PlyCount "49"]
[EventDate "2024.09.11"]
[WhiteTeam "Guatemala"]
[BlackTeam "Aruba"]
[WhiteTeamCountry "GUA"]
[BlackTeamCountry "ARN"]

1. d4 Nf6 2. e3 b6 3. f4 Bb7 4. Nf3 e6 5. Bd3 Be7 6. c3 O-O 7. O-O d5 8. Ne5 c5 9. Nd2 Nbd7 10. Ndf3 ({RR} 10. Qf3 Rc8 11. g4 g6 12. g5 Nh5 13. Qh3 Nxe5 14. dxe5 Qc7 15. Nf3 Ng7 16. Qg4 Rcd8 17. h4 a6 18. Bd2 Qd7 19. Rfd1 Qc6 20. Be2 Nf5 21. Nh2 Rd7 22. Qh3 Rfd8 23. Kf2 Qc7 24. Ng4 d4 {½-½ Robertson,J (1559)-Smith,S (1767) 128th ch-SCO Open 2023 (1.17)}) 10... Ne4 11. Bd2 $146 ({RR} 11. Nxd7 Qxd7 12. Ne5 Qc7 13. Rf3 f6 14. Ng4 Bd6 15. Qe2 Rae8 16. Bd2 e5 17. fxe5 fxe5 18. Rxf8+ Rxf8 19. Bxe4 dxe4 20. dxe5 Bxe5 21. Nxe5 Qxe5 22. Rf1 Rd8 23. Be1 Qd5 24. c4 Qd3 25. Qf2 Qxc4 {½-½ Ganslmayer,H (1742)-Wunderer,E (1973) Bad Woerishofen Seniors opA 22th 2006 (3)}) ({RR} 11. Nxd7 Qxd7 12. Ne5 Qc7 13. Bd2 f6 14. Ng4 Bd6 15. Nf2 c4 16. Bc2 e5 17. Nxe4 dxe4 18. fxe5 fxe5 19. Qh5 Qe7 20. Qg4 exd4 21. cxd4 Bd5 22. Bc3 b5 23. Rf5 Rxf5 24. Qxf5 Qf7 25. Bxe4 Qxf5 {1-0 Carpenter,P-Sellwood,C West of England op 2000 (3)}) 11... f6 12. Nxd7 Qxd7 13. Be1 Bd6 14. Bd2 Rae8 15. Qe1 a6 16. Qh4 Bc7 17. Rad1 Rf7 18. Bc1 Ref8 19. g4 Qe8 20. Rde1 e5 21. Re2 cxd4 22. exd4 exf4 23. g5 fxg5 24. Nxg5 Qd8 25. Qxh7# 1-0

[Event "Olympiad Women 2024"]
[Site "Budapest HUN"]
[Date "2024.09.19"]
[Round "8.59"]
[Board "4"]
[White "Cabral, Sylvi"]
[Black "Mazariegos, Silvia Carolina"]
[Result "1-0"]
[WhiteElo "1471"]
[BlackElo "1878"]
[PlyCount "56"]
[EventDate "2024.09.11"]
[WhiteTeam "Aruba"]
[BlackTeam "Guatemala"]
[WhiteTeamCountry "ARN"]
[BlackTeamCountry "GUA"]

1. e4 Nf6 2. Nc3 d5 3. exd5 Nxd5 4. Nf3 Bf5 5. a3 ({RR} 5. Bc4 e6 6. O-O Be7 7. Re1 Nb6 8. Bf1 Nc6 9. d3 O-O 10. h3 h6 11. g3 Nd5 12. Bd2 Bf6 13. Bg2 Re8 14. Rb1 Nd4 15. Ne4 Nxf3+ 16. Qxf3 Be7 17. a3 c6 18. Rbd1 Qb6 19. Bc1 Rad8 {½-½ Kovalenko,I (2668)-Bortnyk,M (2473) Titled Tuesday intern op 09th Nov blitz 2021 (6)}) ({RR} 5. d3 e6 6. h3 Be7 7. g4 Bg6 8. Bg2 c6 9. O-O h5 10. g5 Nd7 11. Re1 h4 12. Ne4 Qc7 13. Qd2 O-O-O 14. a3 Nc5 15. Nxc5 Bxc5 16. c4 Ne7 17. Ne5 Bd4 18. Nxg6 Nxg6 19. Qe2 Nf4 {0-1 Fernandez Guillen,E (2465)-Cruz Ravina,F (2411) Titled Tue 2nd Jan Early 2024 (4)}) 5... e6 6. Be2 $146 ({RR} 6. d4 Be7 7. Bd3 Bg4 8. h3 Bh5 9. O-O c6 10. Nxd5 cxd5 11. Be2 Nc6 12. c3 O-O 13. Ne1 Bxe2 14. Qxe2 Na5 15. Qc2 Nc4 16. b3 Nd6 17. Bf4 Ne4 18. f3 Nf6 19. Nd3 Rc8 20. Rfc1 Qb6 {½-½ Lie,E-Haga,H (1695) Porsgrunn U18 1996}) ({RR} 6. Bc4 c6 7. O-O Be7 8. Nd4 Bg6 9. Nxd5 cxd5 10. Bb5+ Nd7 11. d3 O-O 12. Nf3 Nf6 13. h3 Rc8 14. b4 Qc7 15. Ba4 Bh5 16. Bb2 Rfd8 17. Rc1 Qf4 18. Qe2 Bxf3 19. Qxf3 Qxf3 20. gxf3 Nh5 {0-1 Walther,M (1540)-Roos,K (1638) Bayern-ch (Women) 65th 1994 (3)}) ({RR} 6. d4 Be7 7. Bc4 Nb6 8. Bb3 c6 9. h3 O-O 10. O-O N8d7 11. Bf4 Nf6 12. Re1 Nbd5 13. Bh2 b5 14. Ne2 Qb6 15. Ng3 Bg6 16. Ne5 Rfd8 17. Nxg6 hxg6 18. Ne2 c5 19. c3 a5 20. Qd2 c4 {0-1 Li,K (1626)-Xiang,E (1944) Toronto NAYCC U14 Girls 2013 (4)}) 6... Bd6 7. O-O c6 8. Re1 Nd7 9. b3 Nxc3 10. dxc3 Qc7 11. Bb2 O-O-O 12. Bd3 Bg4 13. h3 Bh5 14. c4 Nf6 15. g4 Bg6 16. Qe2 Rhg8 17. Rad1 Bxd3 18. Rxd3 Nd7 19. Ng5 Nc5 20. Rdd1 h6 21. Nf3 Nd7 22. b4 c5 23. b5 Be7 24. Rd3 Bf6 25. Bxf6 Nxf6 26. Red1 Rxd3 27. cxd3 Rd8 28. a4 Qf4 1-0

[Event "Olympiad Women 2024"]
[Site "Budapest HUN"]
[Date "2024.09.19"]
[Round "8.60"]
[Board "1"]
[White "Wilson, Hannah"]
[Black "Jambo, Linda"]
[Result "1-0"]
[WhiteElo "1888"]
[BlackElo "1629"]
[PlyCount "35"]
[EventDate "2024.09.11"]
[WhiteTeam "Barbados"]
[BlackTeam "Malawi"]
[WhiteTeamCountry "BAR"]
[BlackTeamCountry "MWI"]

1. e4 e5 2. Nf3 Nc6 3. d4 exd4 4. Bc4 Be7 5. c3 dxc3 6. Qd5 Nh6 7. Bxh6 O-O 8. Nxc3 Nb4 9. Qd2 gxh6 10. a3 Nc6 11. Qxh6 Bf6 12. O-O d6 13. Rad1 Bg4 14. Rd3 $146 ({RR} 14. Qf4 Bxf3 15. Qxf3 Ne5 16. Qe2 Nxc4 17. Qxc4 Bxc3 18. Qxc3 f6 19. Qb3+ Kh8 20. Qxb7 Qb8 21. Qxb8 Raxb8 22. Rd2 Kg7 23. Rc1 Rb7 24. Rdc2 Rc8 25. f3 Kf7 26. b4 Ke6 27. Rc6 Kd7 28. Ra6 Ra8 {1-0 Bertona,F (2405)-Hanemaaijer,T Olympiad-34 Istanbul 2000 (2.4)}) 14... Bg7 15. Qf4 Bxf3 16. Rxf3 Ne5 17. Rg3 Nxc4 18. Qh6 1-0